000 00641nam a2200205 a 4500
001 000010911
005 20240412074221.0
008 091013s2000 dr a r 001 p spa d
020 _a9993450049
040 _aDO-SdBNP
_bspa
_cBNPHU
082 _aRD861.44
_bV335c
100 1 _aVásquez, Anelsa
_926319
245 1 0 _aCriaturas de luz /
_cAnelsa Vásquez.
260 _aSanto Domingo :
_bTaller,
_c2000.
300 _a159 p. :
_bil. ;
_c23 cm.
500 _aIncluye datos biográficos de la autora en la solapa de la cubierta.
590 _aInventariado, 2019/BT
650 0 _aPoesía dominicana
_966
650 0 _aLiteratura dominicana.
_967
999 _c10649
_d10649